000 00506nam a2200133Ia 4500
008 200903s9999 xx 000 0 und d
020 _a978-1-2840-6925-9
100 _aMcKinney, Suzet
245 _cSuzet McKinney, Mary Elise Papke.--
_aPublic health emergency preparedness :
_ba practical approach for the real world /
260 _aMassachusetts :
_bJones & Bartlett Learning
_c2019
300 _axiii , 195 pages :
_billustration ;
_c23 cm.
650 _aDisaster medicine
650 _aEmergency management
999 _c364041
_d364041